|
|
|
|
| LEADER |
00650nam a2200229Ia 4500 |
| 008 |
240829s9999 xx 000 0 und d |
| 020 |
|
|
|a 968-18-1664-1
|
| 040 |
|
|
|a BIBLIOTECA-RUPAP 671.521 P667
|
| 041 |
|
|
|a spa
|
| 082 |
|
|
|a 671.521 P667
|
| 100 |
1 |
|
|a Piredda C., Massimo Vladimiro
|
| 245 |
1 |
0 |
|a Soldadura Eléctrica Manual
|
| 250 |
|
|
|a 2a.ed.
|
| 260 |
|
|
|a México
|b Limusa
|c 1990
|
| 300 |
|
|
|a 356 p. :il.
|
| 650 |
7 |
|
|a SOLDADURA ELECTRICA - MANUAL
|
| 650 |
7 |
|
|b MAQUINAS DE SOLDAR ELECTRODOS
|
| 650 |
7 |
|
|c MEDIDAS DE SEGURIDAD - SOLDADURA
|
| 650 |
7 |
|
|d SOLDADURA EN HIERRO COLADO. I. Tít.
|
| 942 |
|
|
|c BK
|2 ddc
|
| 991 |
|
|
|a TEXTO
|
| 999 |
|
|
|c 10125
|